000 00248nam a2200121Ia 4500
100 _aCicilioni R
942 _cBK
654 _aComputer
245 _aLotus 1-2-3-: A Tutorial
260 _bJaico
_aBombay
_c1994
546 _aENGLISH
999 _c22073
_d22073